|
|
|
|
| LEADER |
00985nam a2200241 a 4500 |
| 001 |
GR-Antirio640 |
| 008 |
090306s2001 gr b 001 0 gre d |
| 020 |
|
|
|a 0849310261
|
| 040 |
|
|
|a GrPaTEI
|b gre
|c GR-PaULI
|
| 040 |
|
|
|a GrPaTEI
|b gre
|c GR-PaULI
|
| 040 |
|
|
|a GrPaTEI
|b gre
|c GR-PaULI
|
| 082 |
|
0 |
|a 004.22
|2 21
|
| 100 |
0 |
|
|a Hsu, John Y.
|
| 245 |
1 |
0 |
|a Computer Architecture :
|b Software aspects, coding , and hardware /
|c Hsu, John Y.
|
| 260 |
|
|
|a Boca Raton, FL. :
|b CRC Press,
|c c 2001
|
| 300 |
|
|
|a 427 σ. :
|b εικ. ;
|c 25 εκ.
|
| 504 |
|
|
|a Περιλαμβάνει βιβλιογραφίες και ευρετήριο.
|
| 650 |
|
0 |
|a Computer architechure
|
| 650 |
|
0 |
|a Computer software
|
| 942 |
|
|
|2 ddc
|
| 952 |
|
|
|0 0
|1 0
|2 ddc
|4 0
|6 004_220000000000000_HSU
|7 0
|9 261859
|a LISK-2
|b LISK-2
|c BSC
|d 2021-01-17
|e 24
|f 0
|g 0.00
|l 0
|o 004.22 HSU
|p 2430000006806
|r 2021-01-17 00:00:00
|t 1
|w 2021-01-17
|y BK15
|x 20090306 0 1
|x GrPaTEI - Antirrio
|
| 971 |
|
|
|a .b25704394
|b 01-10-20
|c 12-09-16
|
| 999 |
|
|
|c 151091
|d 151091
|